000
00308nam a2200145Ia 4500
100
_a
Singh/ Kirpal
490
_v
1
942
_c
BK
654
_a
engineering
245
_a
Automobile engineering
260
_b
Standard Publication
_a
Delhi
_c
1982
082
_a
629.24
300
_a
594
546
_a
ENGLISH
999
_c
25589
_d
25589